000 00897nam a22002177a 4500
003 OSt
005 20260120052324.0
008 260119b |||||||| |||| 00| 0 eng d
020 _a9789715812610
040 _aDWCL GS lib
_cOC
082 _2[First edition]
_aCir. 552 W582 2016
100 _aWHITE, ELLEN G.
245 _aSTORY OF HOPE :
_bA Glimpse Into a Time When Suffering Will Be No More /
_cELLEN G. WHITE
260 _aPhilippines
_bReview and Herald Publishing
_cc2016.
300 _avii, 126 pages:
_billustrations ;
_c18cm.
520 _aDrawing on the Bible's accounts, Story of Hope offers a glimpse behind history's curtain. It reveals the origin of evil, some of the ways God has dealt with evil in the past, and His plan for resolving it completely in the near future.
546 _aEnglish
650 _aHope
700 _aELLEN G. WHITE
942 _2ddc
_cBK-CIRC
_hCirc.
_n0
999 _c7541
_d7541